| 000 | 00606 a2200157 4500 | ||
|---|---|---|---|
| 003 | Nust | ||
| 005 | 20170207154215.0 | ||
| 040 | _cNust | ||
| 082 | _a378.4 | ||
| 245 |
_aUniversity of Brighton- UG Prospectus 2000 _cUniversity of Brighton |
||
| 260 |
_aBrighton _bUniversity of Brighton _c2000 |
||
| 300 | _a160 p. | ||
| 505 | _aIntroduction (Page-2) Subject Areas (Page-18) General Entry Advice (Page-24) How to Apply (Page-27) Fees, Financial Support and Enrolment (page-30) Course Information (Page-33) Course and Subject Finder (Page-158) | ||
| 538 | _aAlmirah No. 117 shelf No. 2 | ||
| 650 | _aUG Prospectus | ||
| 942 |
_2ddc _cBK |
||
| 999 |
_c195056 _d195056 |
||